000 00754nam a22002297a 4500
005 20251108175443.0
008 250721s2015 xx 000 0 ara d
082 1 4 _aط/ق/فير
100 1 _aفيرن، جول
245 1 0 _aعشرون ألف فرسخ تحت الماء /
250 _aط3.
264 1 _aالقاهرة :
_bمؤسسة هنداوي للتعليم والثقافة،
_c2015.
300 _a114ص.
490 0 _aالادب العالمي للناشئين
650 1 7 _aالادب المترجم
650 1 7 _aالروايات
650 1 7 _aالاطفال
653 _aمرحلة ناشؤون صغار (10-14) سنة
700 1 _aشحاتة، مروة عبدالفتاح
_eمترجم
942 _2ddc
_cBK
999 _c134480
_d134480